000 00486nam a2200169Ia 4500
008 230917s9999||||xx |||||||||||||| ||und||
020 _cRS695
040 _e243526
_aMAIN
041 _aEnglish
082 _a515.2433 F826F
100 _aAhmad, Z U, ed.
245 0 _aFourier analysis, approximation: Theory and applications
260 _aNew Delhi
_bNew Age Internatiaonal
_c2009
300 _avi, 401 p.
500 _a2943 27/11/2017 HBD17/7116 19/12/2017 UIET (SFS)
942 _cBK
999 _c24715
_d24715